चार आण्यांची कोंबडी... / (Record no. 67988)

MARC details
000 -LEADER
fixed length control field 01279nam a22002417a 4500
005 - DATE AND TIME OF LATEST TRANSACTION
control field 20120614170415.0
008 - FIXED-LENGTH DATA ELEMENTS--GENERAL INFORMATION
fixed length control field 081007t xxu||||| |||| 00| 0 mar
010 ## - LCCN (DPL NO)
LC control number MAR-22212
020 ## - INTERNATIONAL STANDARD BOOK NUMBER
Terms of availability 115.00
035 ## - SYSTEM CONTROL NUMBER
System control number MR-14870
037 ## - SOURCE OF ACQUISITION
Source of stock number/acquisition D.B.Act /pub
082 ## - DEWEY DECIMAL CLASSIFICATION NUMBER
Classification number 891.46301
100 ## - MAIN ENTRY--PERSONAL NAME
Personal name गुरव, अनंत
9 (RLIN) 49115
245 ## - TITLE STATEMENT
Title चार आण्यांची कोंबडी... /
Statement of responsibility, etc अनंत गुरव
246 ## - VARYING FORM OF TITLE
Title proper/short title Chaar Anayanchi Kombdi
Remainder of title by Aant Gurav
260 ## - PUBLICATION, DISTRIBUTION, ETC. (IMPRINT)
Place of publication, distribution, etc मुंबई
Name of publisher, distributor, etc श्री सप्तशृंगी पब्लिकेशन
Date of publication, distribution, etc 2011
270 ## - ADDRESS
Address रूम नं. 8,सद् माळी चाळ,आझाद रोड,शांतादुर्गा मातेच्या मंदिराजवळ,मालपा डोंगरी नं.1,अंधेरी(पूर्व)
City मुंबई
Postal code 400025
300 ## - PHYSICAL DESCRIPTION
Extent 110पृ
Dimensions 22सेमी (अजिल्द)
650 ## - SUBJECT ADDED ENTRY--TOPICAL TERM
Topical term or geographic name as entry element मराठी कथासंग्रह
9 (RLIN) 49162
650 ## - SUBJECT ADDED ENTRY--TOPICAL TERM
Topical term or geographic name as entry element Marathi Short Stories
9 (RLIN) 49163
942 ## - ADDED ENTRY ELEMENTS (KOHA)
Source of classification or shelving scheme Dewey Decimal Classification
Item type Marathi Books
Call number suffix गुरव
Classification part 891.46301
Holdings
Withdrawn status Lost status Source of classification or shelving scheme Damaged status Not for loan Collection code Home library Current library Date acquired Source of acquisition Cost, normal purchase price Total Checkouts Full call number Barcode Date last seen Copy number Cost, replacement price Koha item type
    Dewey Decimal Classification   Not For Loan Fiction D.B.Act.Division D.B.Act.Division 15/06/2012 DBAD / PUB 115.00   891.46301 गुरव MR-14870 15/06/2012 1 115.00 Marathi Books

© Delhi Public Library
Hit Counter
free hit counter